UEFA Champions League Final MOTM - Statistics

General Stats
  • This quiz has been taken 130 times
  • The average score is 16 of 23
Answer Stats
Year Matchup Answer % Correct
2017 RMA v JUV Cristiano Ronaldo
99%
2011 FCB v MUN Lionel Messi
95%
2018 RMA v LIV Gareth Bale
88%
2016 RMA v ATM Sergio Ramos
87%
2015 FCB v JUV Andres Iniesta
84%
2012 CHE v BAY Didier Drogba
83%
2001 BAY v VAL Oliver Kahn
83%
2022 RMA v LIV Thibaut Courtois
77%
2005 LIV v MIL Steven Gerrard
76%
2009 FCB v MUN Xavi
75%
2002 RMA v BO4 Zinedine Zidane
74%
2013 BAY v DOR Arjen Robben
73%
2020 BAY v PSG Kingsley Coman
71%
2021 CHE v MCI N'Golo Kante
71%
2019 LIV v TOT Virgil van Dijk
71%
2006 FCB v ARS Samuel Eto'o
66%
2010 INT v BAY Diego Milito
63%
2007 MIL v LIV Filippo Inzaghi
59%
2004 POR v MON Deco
57%
2003 MIL v JUV Paolo Maldini
56%
2008 MUN v CHE Edwin van der Sar
55%
2014 RMA v ATM Angel Di Maria
52%
2000 RMA v VAL Steve McManaman
19%
No matching quizzes found
Score Distribution
Percent of People with Each Score
Percentile by Number Answered
Your Score History
You have not taken this quiz